Album rap français #3 - Statistiques

Statistiques générales
  • Ce quiz a été pris 102 fois
  • Le résultat moyen est 14 sur 16
Statistiques - réponses
Par images Réponse % Correct
Jul
100%
Black M
99%
Naps
99%
Soso Maness
99%
Lacrim
96%
Alonzo
93%
Da Uzi
93%
Gims
93%
Lomepal
92%
Youssoupha
87%
Mac Tyer
84%
Sadek
82%
Rim'K
76%
Hayce Lemsi
75%
Dinos
73%
Hornet La Frappe
44%
Aucun quiz correspondant
Distribution des résultats
% des personnes avec chaque résultat
Percentile par nombre de réponses
Votre historique - résultats
Vous n’avez pas pris ce quiz